000 01051nam a2200325 c 4500
001 52978
003 ES-MaCES
005 20250203133309.0
008 231222s2023 sp f 000 | spa d
017 _aM 25955-2023
_bDL
020 _a9788430987962
040 _aES-MaCES
_bspa
_cES-MaCES
245 0 0 _aManual de Seguridad Social
_cJosé Luis Monereo Pérez ... [et al.]
250 _a19ª ed
260 _aMadrid
_bTecnos
_c2023
300 _a661 p.
_c24 cm
541 _cCompra
650 4 _aseguridad social
_927034
650 4 _aadministración de la seguridad social
_930264
650 4 _arégimen universal de prestaciones
_930153
650 4 _aregímenes especiales de Seguridad Social
_931067
650 4 _alegislación de seguridad social
_929855
650 4 _aEspaña
_926964
650 4 _amanual
_929264
653 1 0 _aDerecho del trabajo y Seguridad Social
700 1 _918830
_aMonereo Pérez, José Luis
775 0 _tManual de Seguridad Social
_w(ES-MaCES)52534
902 _aLIB Libro
942 _2CES
_cBK
_h6.0.1.
999 _c52978
_d52978